<?xml version="1.0" encoding="UTF-8"?>
<record
    xmlns:xsi="http://www.w3.org/2001/XMLSchema-instance"
    xsi:schemaLocation="http://www.loc.gov/MARC21/slim http://www.loc.gov/standards/marcxml/schema/MARC21slim.xsd"
    xmlns="http://www.loc.gov/MARC21/slim">

  <leader>01171nam0a22003011  4500</leader>
  <controlfield tag="001">rc\2337424</controlfield>
  <controlfield tag="005">20260406152630.0</controlfield>
  <datafield tag="035" ind1=" " ind2=" ">
    <subfield code="a">(NLR Aleph) 006585404</subfield>
  </datafield>
  <datafield tag="090" ind1=" " ind2=" ">
    <subfield code="a">7089499</subfield>
    <subfield code="c">7089499</subfield>
  </datafield>
  <datafield tag="100" ind1=" " ind2=" ">
    <subfield code="a">20110829d1977    |||y0rusy50      ca</subfield>
  </datafield>
  <datafield tag="101" ind1="0" ind2=" ">
    <subfield code="a">rus</subfield>
    <subfield code="a">est</subfield>
  </datafield>
  <datafield tag="102" ind1=" " ind2=" ">
    <subfield code="a">RU</subfield>
  </datafield>
  <datafield tag="105" ind1=" " ind2=" ">
    <subfield code="a">a   z   |||||</subfield>
  </datafield>
  <datafield tag="200" ind1="1" ind2=" ">
    <subfield code="a">&#x421;&#x442;&#x430;&#x442;&#x438;&#x441;&#x442;&#x438;&#x43A;&#x430; &#x438; &#x444;&#x443;&#x43D;&#x43A;&#x446;&#x438;&#x43E;&#x43D;&#x430;&#x43B;&#x44C;&#x43D;&#x44B;&#x435; &#x441;&#x442;&#x438;&#x43B;&#x438; &#x44F;&#x437;&#x44B;&#x43A;&#x430;</subfield>
    <subfield code="e">[&#x421;&#x431;&#x43E;&#x440;&#x43D;&#x438;&#x43A; &#x441;&#x442;&#x430;&#x442;&#x435;&#x439;]</subfield>
    <subfield code="f">&#x420;&#x435;&#x434;&#x43A;&#x43E;&#x43B;.: ... &#x43A;. &#x444;&#x438;&#x43B;&#x43E;&#x43B;. &#x43D;. &#x422;.&#x42F;. &#x42F;&#x43A;&#x443;&#x431;&#x430;&#x439;&#x442;&#x438;&#x441; (&#x43E;&#x442;&#x432;. &#x440;&#x435;&#x434;.) [&#x438; &#x434;&#x440;.]</subfield>
    <subfield code="g">&#x410;&#x41D; &#x41B;&#x430;&#x442;&#x432;&#x421;&#x421;&#x420;. &#x418;&#x43D;-&#x442; &#x44F;&#x437;. &#x438; &#x43B;&#x438;&#x442;. &#x438;&#x43C;. &#x410;. &#x423;&#x43F;&#x438;&#x442;&#x430;</subfield>
  </datafield>
  <datafield tag="210" ind1=" " ind2=" ">
    <subfield code="a">&#x420;&#x438;&#x433;&#x430;</subfield>
    <subfield code="c">&#x417;&#x438;&#x43D;&#x430;&#x442;&#x43D;&#x435;</subfield>
    <subfield code="d">1977</subfield>
  </datafield>
  <datafield tag="215" ind1=" " ind2=" ">
    <subfield code="a">107 &#x441;.</subfield>
    <subfield code="c">&#x438;&#x43B;.</subfield>
    <subfield code="d">20</subfield>
  </datafield>
  <datafield tag="300" ind1=" " ind2=" ">
    <subfield code="a">&#x422;&#x435;&#x43A;&#x441;&#x442; &#x43D;&#x430; &#x440;&#x443;&#x441;. &#x438; &#x44D;&#x441;&#x442;. &#x44F;&#x437;.</subfield>
  </datafield>
  <datafield tag="320" ind1=" " ind2=" ">
    <subfield code="a">&#x411;&#x438;&#x431;&#x43B;&#x438;&#x43E;&#x433;&#x440;. &#x432; &#x43A;&#x43E;&#x43D;&#x446;&#x435; &#x441;&#x442;&#x430;&#x442;&#x435;&#x439;</subfield>
  </datafield>
  <datafield tag="702" ind1=" " ind2="1">
    <subfield code="a">&#x42F;&#x43A;&#x443;&#x431;&#x430;&#x439;&#x442;&#x438;&#x441;</subfield>
    <subfield code="b">&#x422;.&#x42F;.</subfield>
    <subfield code="4">340</subfield>
  </datafield>
  <datafield tag="712" ind1="0" ind2="2">
    <subfield code="a">&#x418;&#x43D;&#x441;&#x442;&#x438;&#x442;&#x443;&#x442; &#x44F;&#x437;&#x44B;&#x43A;&#x430; &#x438; &#x43B;&#x438;&#x442;&#x435;&#x440;&#x430;&#x442;&#x443;&#x440;&#x44B; &#x438;&#x43C;. &#x410;.&#x423;&#x43F;&#x438;&#x442;&#x430;</subfield>
    <subfield code="c">&#x420;&#x438;&#x433;&#x430;</subfield>
    <subfield code="3">RU\NLR\AUTH\889928073</subfield>
    <subfield code="9">351778</subfield>
  </datafield>
  <datafield tag="801" ind1=" " ind2="0">
    <subfield code="a">RU</subfield>
    <subfield code="b">NLR</subfield>
    <subfield code="g">psbo</subfield>
  </datafield>
  <datafield tag="801" ind1=" " ind2="1">
    <subfield code="a">RU</subfield>
    <subfield code="b">ELAR</subfield>
    <subfield code="2">rusmarc</subfield>
  </datafield>
  <datafield tag="852" ind1=" " ind2=" ">
    <subfield code="a">NLR</subfield>
    <subfield code="b">&#x41E;&#x41D;&#x41B;</subfield>
  </datafield>
  <datafield tag="899" ind1=" " ind2=" ">
    <subfield code="a">RuMoRGB</subfield>
    <subfield code="j">&#x41B;&#x430;&#x442; 66/161</subfield>
  </datafield>
  <datafield tag="899" ind1=" " ind2=" ">
    <subfield code="a">RuMoRGB</subfield>
    <subfield code="j">&#x41B;&#x430;&#x442; 66/162</subfield>
  </datafield>
  <datafield tag="942" ind1=" " ind2=" ">
    <subfield code="c">BOOK</subfield>
  </datafield>
  <datafield tag="980" ind1=" " ind2=" ">
    <subfield code="a">NB</subfield>
  </datafield>
  <datafield tag="995" ind1=" " ind2=" ">
    <subfield code="5">2013-10-26</subfield>
    <subfield code="b">NLR01</subfield>
    <subfield code="c">NLR01</subfield>
    <subfield code="e">ONL</subfield>
    <subfield code="f">6585404-20</subfield>
    <subfield code="k">&#x41E;&#x41D;&#x41B;</subfield>
    <subfield code="o">0</subfield>
    <subfield code="r">BOOK</subfield>
    <subfield code="s">_</subfield>
  </datafield>
</record>
